Statistics for G Answers Quiz #2

Click here to take the quiz!

General Stats

  • This quiz has been taken 35,857 times
  • The average score is 15 of 24

Answer Stats

ClueAnswer% Correct
Way to get around in VeniceGondola
92%
Poltergeist, e.g.Ghost
86%
Largest primate genusGorilla
86%
Secret police of Nazi GermanyGestapo
76%
Type of sugar that fuels the brainGlucose
75%
Traditional Japanese hostess or courtesanGeisha
73%
Twins constellationGemini
73%
Something to yell when jumping out of a planeGeronimo
73%
U.S. territory in the PacificGuam
73%
Part of a chromosomeGene
70%
Rub a dub dub thanks for the ....Grub
70%
Jock's favorite classGym
70%
Has the body of a lion, and the
head and wings of an eagle
Griffin
64%
He traveled to LilliputGulliver
64%
Something to mind on the
London Underground
Gap
63%
Tree-like alien who guarded the galaxyGroot
62%
Philistine who was 6 cubits tallGoliath
56%
Royal Observatory locationGreenwich
53%
Second biggest city in SwedenGothenburg
48%
Elephant-headed Hindu godGanesha
46%
AvariceGreed
46%
Left, to a FrenchmanGauche
44%
Nepalese soldierGurkha
42%
Clay monster of Jewish loreGolem
41%

Score Distribution

Percentile by Number Answered

Percent of People with Each Score

Your Score History

You have not taken this quiz